000 00429nam a2200181Ia 4500
008 090124s9999 xx 000 0 und d
082 _b7673
100 _aRHODE JOHN
245 _aDEATH ON THE BOAT-TRAIN
250 _a1
260 _bTHE CRIME CLUB
_c1974
300 _a252
600 _aRHODE JOHN
630 _aDEATH ON THE BOAT-TRAIN
700 _aRHODE JOHN
730 _aDEATH ON THE BOAT-TRAIN
942 _cBOOK
999 _c85360
_d85360